Meilleurs buteurs de chaque club de Ligue 1 - Statistiques

Statistiques générales
  • Ce quiz a été pris 89 fois
  • Le résultat moyen est 2 sur 19
Statistiques - réponses
Equipe Buts Meilleur buteur du club % Correct
Paris-Saint-Germain 256 Kylian Mbappé
95%
Olympique lyonnais 222 Fleury Di Nallo
23%
Olympique de Marseille 194 Gunnar Andersson
18%
AS Monaco 223 Delio Onnis
17%
AS Saint-Etienne 211 Hervé Revelli
17%
Stade de Reims 145 Just Fontaine
15%
Montpellier HSC 84 Laurent Blanc
9%
LOSC Lille 218 Jean Baratte
6%
AJ Auxerre 100 Andrzej Szarmach
3%
OGC Nice 211 Joaquín Valle
3%
Stade Brestois 29 64 Gérard Buscher
2%
Stade Rennais 154 Jean Grumellon
2%
Le Havre AC 81 Jean-Michel Lesage
2%
Racing Club de Strasbourg 118 Oskar Rohr
2%
Nantes FC 146 Philippe Gondet
2%
Angers SCO 107 Stéphane Bruey
2%
64 Drago Vabec
0%
Toulouse FC 83 Robert Pintenat
0%
RC Lens 225 Stefan Dembicki
0%
Aucun quiz correspondant
Distribution des résultats
% des personnes avec chaque résultat
Percentile par nombre de réponses
Votre historique - résultats
Vous n’avez pas pris ce quiz